000 00316nam a22001337a 4500
003 SGT
082 _a500
100 _aVIDYAVACHASPATI USHAPURI
245 _agrah nakshatron ki atmakatha
260 _aNEW DELHI
_bNIRDESHAK PRASHASAN VIBHAG
_c5005
300 _a72
650 _aMASS COMMUNICATION
942 _2ddc
_cBK
999 _c12798
_d12798